Mots de 4 lettres par définition - Statistiques

Statistiques générales
  • Ce quiz a été pris 210 fois
  • Le résultat moyen est 11 sur 15
Statistiques - réponses
Genre Définition Mot % Correct
Nom Masculin Un des cinq sens, renseignant sur les saveurs et la composition des aliments. Goût
95%
Nom Masculin Substance sucrée produite par les abeilles mellifères à partir du nectar des fleurs, qu'elles emmagasinent dans les rayons de la ruche pour ensuite en nourrir leurs larves. Miel
90%
Nom Masculin Mammifère ruminant à cornes rameuses et caduques (bois), autrefois très commun dans les forêts européennes. Cerf
87%
Nom Masculin Homme qui a engendré ou qui a adopté un ou plusieurs enfants. Père
82%
Nom Masculin Mouvement brusque avec détente musculaire, par lequel le corps s'enlève du sol, se projette en l'air. Saut
82%
Nom Féminin Organe de forme circulaire, destiné à tourner autour d'un axe passant par son centre, et qui permet à un véhicule de reposer sur le sol et de s'y mouvoir. Roue
79%
Nom Féminin Littéraire. Inspiratrice d'un artiste, d'un écrivain. Muse
78%
Nom Féminin Liquide amer, jaune d'or, verdissant à l'air, sécrété par le foie au taux de 800 à 1 000 ml par jour et qui contribue à la digestion. Bile
75%
Nom Féminin Alignement d'arbres et d'arbustes qui marque la limite entre deux parcelles, entre deux propriétés. Haie
75%
Nom Masculin Terrain clos, en partie boisé, ménagé pour la promenade, l'agrément. Parc
74%
Nom Féminin Querelle violente, généralement publique, accompagnée de menaces et de coups. Rixe
69%
Nom Féminin Axe principal de la partie aérienne (ou aquatique) des plantes à racines. Tige
68%
Nom Masculin Préparation de charcuterie de texture très variable et composée de viandes et d'abats en morceaux ou en pâte fine et de différents ingrédients. Pâté
60%
Nom Féminin Grosse étoffe de laine, de coloration brune, dont on se sert pour la confection des vêtements de certains ordres religieux. Bure
36%
Nom Masculin Baie comestible, pulpeuse et sucrée, du plaqueminier. Kaki
31%
Aucun quiz correspondant
Distribution des résultats
% des personnes avec chaque résultat
Percentile par nombre de réponses
Votre historique - résultats
Vous n’avez pas pris ce quiz